000 00305nam a2200121Ia 4500
005 20251222140058.0
008 251222s1900||||xx |||||||||||||| ||spa||
082 _a109/R56
100 _aRiesco Díaz, Dolores
245 0 _aLas Grandes Culturas y su Filosofía Comparada
264 _bCastilla
942 _cLIB
999 _c3842
_d3842